| 000 | 00000nas##2200000za#4500 |
| 001 | 9.507588 |
| 003 | CaOODSP |
| 005 | 20200325133445 |
| 007 | cr ||||||||||| |
| 008 | 150406c2013||||xxc|| p o||||f| |0eng|d |
| 022 | |a2291-711X |
| 040 | |aCaOODSP|beng |
| 043 | |an-cn--- |
| 086 | 1 |aCH36-1/5E-PDF |
| 110 | 1 |aCanada. |bCanadian Heritage. |
| 245 | 10|aExchanges Canada Program, Youth Exchanges Canada : |h[electronic resource]|bguidelines and application forms |
| 260 | |aOttawa - Ontario : |bCanadian Heritage |
| 310 | |aAnnual |
| 690 | 07|aExchange programs|2gcpds |
| 690 | 07|aYouth|2gcpds |
| 775 | 08|tÉchanges jeunesse Canada guide de demande |w(CaOODSP)9.515854 |